| 000 | 00351nam a22001217a 4500 | ||
|---|---|---|---|
| 020 | _a9780414078291 | ||
| 082 |
_a346.42004 _bHAL |
||
| 100 | _aHaley, Michael A.; McMurtry, Lara | ||
| 245 |
_aEquity & Trusts / _cMichael A. Haley ; Lara McMurtry |
||
| 260 |
_aLondon : _bThomson Reuters, _c2020. |
||
| 300 |
_a824 p. ; _c24 cm. |
||
| 942 |
_2ddc _cBK |
||
| 999 |
_c594534 _d594534 |
||